Normal view
MARC view
- Rajhans Ratnaprabha Ramesh
Entry Personal Name
001 - CONTROL NUMBER
- control field: 212237
003 - CONTROL NUMBER IDENTIFIER
- control field: OSt
005 - DATE AND TIME OF LATEST TRANSACTION
- control field: 20250526122604.0
008 - FIXED-LENGTH DATA ELEMENTS
- fixed length control field: 250526|| aca||aabn | a|a d
040 ## - CATALOGING SOURCE
- Original cataloging agency: OSt
- Transcribing agency: OSt
100 ## - HEADING--PERSONAL NAME
- Personal name: Rajhans Ratnaprabha Ramesh
670 ## - SOURCE DATA FOUND
- Source citation: Work cat.: (OSt)366766: Rajhans Ratnaprabha Ramesh, Dhyeyapoorti : Udyojikanchya Yashogatha, 2024